Text book of hydraulic machines (Record no. 10732)

000 -LEADER
fixed length control field 00441nam a22001817a 4500
001 - CONTROL NUMBER
control field 10732
003 - CONTROL NUMBER IDENTIFIER
control field BD-DhUET
008 - FIXED-LENGTH DATA ELEMENTS--GENERAL INFORMATION
fixed length control field 150209b xxu||||| |||| 00| 0 eng d
040 ## - CATALOGING SOURCE
Transcribing agency 0
Modifying agency BD-DhUET
082 ## - DEWEY DECIMAL CLASSIFICATION NUMBER
Classification number 621.2
Item number KHU/1985
100 ## - MAIN ENTRY--PERSONAL NAME
Personal name Khurmi, R. S.
245 ## - TITLE STATEMENT
Title Text book of hydraulic machines
250 ## - EDITION STATEMENT
Edition statement 14th ed.
260 ## - PUBLICATION, DISTRIBUTION, ETC. (IMPRINT)
Place of publication, distribution, etc. New Delhi
Name of publisher, distributor, etc. S. Chand
Date of publication, distribution, etc. 1985
300 ## - PHYSICAL DESCRIPTION
Extent vii, v.p.
Other physical details ill.
650 #0 - SUBJECT ADDED ENTRY--TOPICAL TERM
Topical term or geographic name as entry element Hydraulic Machines
942 ## - ADDED ENTRY ELEMENTS (KOHA)
Koha item type General Book
Holdings
Koha full call number Koha date last seen Koha item type Shelving location Location (home branch) Not for loan Lost status Piece designation (barcode) Price effective from Copy number Withdrawn status Sublocation or collection (holding branch) Date acquired Damaged status Source of classification or shelving scheme Koha normalized classification for sorting
621.2/KHU/19852015-02-09General BookCirculation sectionCentral Library, BUET  641292015-02-091 Central Library, BUET2015-02-09  621_200000000000000_KHU_1985
621.2/KHU/19852015-02-09General BookCirculation sectionCentral Library, BUET  641542015-02-092 Central Library, BUET2015-02-09  621_200000000000000_KHU_1985
621.2/KHU/19852015-02-09General BookCirculation sectionCentral Library, BUET  641422015-02-093 Central Library, BUET2015-02-09  621_200000000000000_KHU_1985
621.2/KHU/19852015-02-09General BookCirculation sectionCentral Library, BUET  566852015-02-094 Central Library, BUET2015-02-09  621_200000000000000_KHU_1985
621.2/KHU/19852015-06-22General BookCirculation sectionCentral Library, BUET  641552015-02-095 Central Library, BUET2015-02-09  621_200000000000000_KHU_1985
621.2/KHU/19852015-02-09General BookCirculation sectionCentral Library, BUET  641322015-02-096 Central Library, BUET2015-02-09  621_200000000000000_KHU_1985
621.2/KHU/19852015-02-09General BookCirculation sectionCentral Library, BUET  641362015-02-097 Central Library, BUET2015-02-09  621_200000000000000_KHU_1985
621.2/KHU/19852015-02-09General BookCirculation sectionCentral Library, BUET  641532015-02-098 Central Library, BUET2015-02-09  621_200000000000000_KHU_1985
621.2/KHU/19852015-02-09General BookCirculation sectionCentral Library, BUET  641342015-02-099 Central Library, BUET2015-02-09  621_200000000000000_KHU_1985
621.2/KHU/19852015-02-09General BookCirculation sectionCentral Library, BUET  641502015-02-0910 Central Library, BUET2015-02-09  621_200000000000000_KHU_1985
621.2/KHU/19852015-02-09General BookCirculation sectionCentral Library, BUET  641372015-02-0911 Central Library, BUET2015-02-09  621_200000000000000_KHU_1985
621.2/KHU/19852015-02-09General BookCirculation sectionCentral Library, BUET  641392015-02-0912 Central Library, BUET2015-02-09  621_200000000000000_KHU_1985